| 000 | 01161nam a22002897a 4500 | ||
|---|---|---|---|
| 999 |
_c115685 _d115685 |
||
| 003 | dpl | ||
| 005 | 20190218142652.0 | ||
| 008 | 190218b ||||| |||| 00| 0 eng d | ||
| 010 | _aB-060077, B-060081 | ||
| 020 | _c100.00 | ||
| 035 | _aB-060077, B-060081 | ||
| 037 | _bCen Lib/Ret | ||
| 040 |
_aDPL _bHN _c0 |
||
| 082 |
_aक _bखंडेल |
||
| 100 |
_aखंडेलवाल ,रामेश्वरलाल _98560 |
||
| 245 |
_aमहक उठी माटी / _cरामेश्वरलाल खंडेलवाल |
||
| 246 |
_aMahak uthi maati _bby Rameshwarlal Khandelwal |
||
| 260 |
_aभीलवाडा _bयतीन्द्र साहित्य सदन _c1999 |
||
| 270 |
_aसरस्वती विहार 13/15 कोर्ट रोड _bभीलवाडा _e311001 |
||
| 300 |
_a96पृष्ठ. _c21सेमी(सजिल्द) |
||
| 500 | _a | ||
| 650 |
_aहिंदी साहित्य _962725 |
||
| 650 |
_aहिंदी कहानी _962726 |
||
| 650 |
_ahindi literature _962727 |
||
| 650 |
_aHindi Story _943117 |
||
| 942 |
_2ddc _cHN _hक _mखंडेल |
||